Gaming Quiz

Random Gaming Quiz

Ever after high female characters Quiz Stats

Quiz not verified by Sporcle

Challenge
Share
Tweet
Score 0/21 Timer 05:00
0 Plays Today
% Correct
apple white
100%
raven queen
91.9%
cedar wood
16.2%
cerise hood
10.8%
holly o'hair
8.1%
poppy o'hair
8.1%
faybelle thorn
5.4%
duchess swan
5.4%
melody piper
2.7%
ginger breadhouse
2.7%
ca cupid
2.7%
% Correct
briar beauty
2.7%
ashlynn ella
2.7%
darling charming
2.7%
rosabella beauty
2.7%
justine dancer
2.7%
blondie lockes
2.7%
kitty chesire
2.7%
bunny blanc
2.7%
madeline hatter
2.7%
lizzie hearts
2.7%

You're not logged in!

Compare scores with friends on all Sporcle quizzes.
Sign Up with Email
OR
Log In

You Might Also Like...

Show Comments

Extras

Top Quizzes Today


Score Distribution

Your Account Isn't Verified!

In order to create a playlist on Sporcle, you need to verify the email address you used during registration. Go to your Sporcle Settings to finish the process.

Report this User

Report this user for behavior that violates our Community Guidelines.

Details: